[Event "I Miedzynarodowy Memorial Ireny Warakomskiej - Open B"]
[Site "Suwalki"]
[Date "2017-08-11"]
[Round "1.27"]
[White "Kotlowski, Tomasz"]
[Black "Tylenda, Krzysztof "]
[Result "1-0"]
[WhiteTitle ""]
[BlackTitle ""]
[WhiteElo "2005"]
[BlackElo "1750"]

1. c4 e6 2. g3 d5 3. Bg2 c6 4. Qc2 Nf6 5. Nf3 Nbd7 6. b3 Be7 7. Bb2 O-O 8. O-O
Re8 9. d3 Qa5 10. a3 a6 11. Nbd2 dxc4 12. Nxc4 Qc7 13. e4 b5 14. Ne3 e5 15. Rac1
Bb7 16. d4 exd4 17. Nxd4 c5 18. Nd5 Nxd5 19. exd5 Bf6 20. Nf5 Bxb2 21. d6 Qb6
22. Qxb2 Re5 23. Bxb7 Qxb7 24. Rxc5 Nxc5 25. Qxe5 Ne6 26. Rd1 Rd8 27. Rd3 h6 28.
h4 Kh7 29. Ne7 Kh8 30. g4 Nf8 31. g5 h5 32. Qf4 Ne6 33. Qxf7 Qe4 34. Qxh5+ Qh7
35. Qxh7+ Kxh7 36. g6+ Kh6 37. Rg3 Kh5 38. Nf5 Rf8 39. Re3 Kxg6 40. Rxe6+ Kxf5
41. Re7 Rd8 42. Rxg7 Rxd6 43. Kg2 Kf4 44. Rg3 Rc6 45. h5 Rh6 46. Rg6 Rxh5 47.
Rxa6 Rg5+ 48. Kf1 Rc5 49. Ke2 Rc3 50. Rf6+ Ke4 51. Re6+ Kf4 52. Re3 Rc2+ 53. Kf1
Ra2 54. b4 Rd2 55. Kg2 Ra2 56. Rc3 Ra1 57. Rc5 Rxa3 58. Rxb5 Rb3 59. Rb8 Ke5 60.
b5 Kd6 61. b6 Kc6 62. f3 Rxb6 63. Rxb6+ Kxb6 64. Kg3 Kc6 65. Kf4 Kd7 66. Kf5 Ke7
67. Kg6 Kf8 68. Kf6 Kg8 69. f4 Kf8 70. f5 1-0

[Event "I Miedzynarodowy Memorial Ireny Warakomskiej - Open B"]
[Site "Suwalki"]
[Date "2017-08-11"]
[Round "1.28"]
[White "Milewski, Karol"]
[Black "Slezinski, Nikodem "]
[Result "1/2-1/2"]
[WhiteTitle ""]
[BlackTitle ""]
[WhiteElo "1747"]
[BlackElo "1995"]

1. Nf3 Nf6 2. d4 d5 3. c4 e6 4. Nc3 dxc4 5. g3 a6 6. a4 Nc6 7. Bg2 Bb4 8. Bg5 h6
9. Bxf6 Qxf6 10. O-O O-O 11. e3 Rd8 12. Qe2 Na5 13. Rfd1 c5 14. Ne4 Qe7 15. dxc5
Bd7 16. Ne5 Rac8 17. Nd6 Rc7 18. Ndxf7 Rf8 19. Rxd7 Rxd7 20. Nxd7 Qxd7 21. Ne5
Qc7 22. Nxc4 Nb3 23. Rd1 Nxc5 24. Qg4 Qf7 25. f4 Nxa4 26. Ne5 Qf5 27. Qxf5 exf5
28. Bxb7 Nxb2 29. Rd7 a5 30. Bd5+ Kh7 31. e4 fxe4 32. Bxe4+ Kg8 33. Bd5+ Kh7 34.
Be4+ Kg8 1/2-1/2

[Event "I Miedzynarodowy Memorial Ireny Warakomskiej - Open B"]
[Site "Suwalki"]
[Date "2017-08-11"]
[Round "1.29"]
[White "Litner, Igor "]
[Black "Karlov, Egor "]
[Result "0-1"]
[WhiteTitle ""]
[BlackTitle ""]
[WhiteElo "1991"]
[BlackElo "1724"]

1. d4 Nf6 2. c4 g6 3. Nc3 Bg7 4. e4 d6 5. Bd3 O-O 6. Nge2 e5 7. Bg5 h6 8. Bh4 g5
9. dxe5 dxe5 10. Bg3 Nbd7 11. Nd5 c6 12. Nxf6+ Bxf6 13. Nc3 Nc5 14. Bc2 Qb6 15.
b3 Qa5 16. Qf3 g4 17. Qxf6 Qxc3+ 18. Ke2 Qxc2+ 19. Kf1 Nxe4 20. Qxh6 Rd8 21. Re1
Rd1 22. f3 Qd3+ 23. Kg1 Qe2 24. Qh4 Qe3+ 0-1

[Event "I Miedzynarodowy Memorial Ireny Warakomskiej - Open B"]
[Site "Suwalki"]
[Date "2017-08-11"]
[Round "1.30"]
[White "Hagner, Pawel"]
[Black "Semczuk, Jerzy "]
[Result "1/2-1/2"]
[WhiteTitle ""]
[BlackTitle ""]
[WhiteElo "1709"]
[BlackElo "1989"]

1. d4 Nf6 2. Nf3 d5 3. Bg5 e6 4. e3 Be7 5. Nbd2 c5 6. c3 Nc6 7. Bd3 b6 8. Qe2 h6
9. Bh4 Bb7 10. Ne5 O-O 11. Bg3 Nxe5 12. dxe5 Ne4 13. Nf3 f5 14. exf6 Bxf6 15.
Qc2 Qe8 16. O-O e5 17. Bxe4 dxe4 18. Nd2 Qc6 19. Rfd1 Rad8 20. Nc4 Qe6 21. Nd2
Qd5 22. Nf3 Qe6 23. Nd2 Qf5 24. Nc4 Bd5 25. Qa4 Qe6 26. Nd2 Qc6 27. Qxc6 1/2-1/2

[Event "I Miedzynarodowy Memorial Ireny Warakomskiej - Open B"]
[Site "Suwalki"]
[Date "2017-08-11"]
[Round "1.31"]
[White "Budnik, Mateusz"]
[Black "Kupsik, Joanna "]
[Result "1-0"]
[WhiteTitle ""]
[BlackTitle ""]
[WhiteElo "1987"]
[BlackElo "1703"]

1. e4 c5 2. Nf3 e6 3. d4 cxd4 4. Nxd4 Nc6 5. Nc3 Qc7 6. Be3 a6 7. g3 Nf6 8. Bg2
Be7 9. O-O O-O 10. Kh1 d6 11. f4 Bd7 12. f5 Nxd4 13. Bxd4 e5 14. Be3 Bc6 15. g4
Kh8 16. g5 Ng8 17. Rf3 f6 18. g6 h6 19. Rh3 Rfd8 20. Nd5 Bxd5 21. Qxd5 Rac8 22.
c3 Bf8 23. Rg1 b5 24. Bf1 Qc6 25. Qxc6 Rxc6 26. Be2 Rb8 27. Bf2 b4 28. c4 a5 29.
Rd1 Ne7 30. b3 Ra8 31. Rhd3 Kg8 32. R3d2 Rac8 33. Bg4 Ra8 34. Be2 Rb8 35. Rc2
Rbc8 36. Kg2 Kh8 37. Rcd2 Ra8 38. Kf3 Kg8 39. Rc2 Rac8 40. Rcd2 Ra8 41. Ra1 a4
42. Rb1 a3 43. Rbd1 Rb8 44. Bf1 Kh8 45. Rxd6 Rxd6 46. Rxd6 Nxf5 47. Rd7 Ne7 48.
c5 Nc6 49. Bc4 Ne7 50. Ba6 Nxg6 51. c6 Ne7 52. Rxe7 Bxe7 53. c7 Ra8 54. c8=Q+
Rxc8 55. Bxc8 g6 56. Ke2 h5 57. Kd3 g5 58. Kc4 g4 59. h3 gxh3 60. Bxh3 1-0

[Event "I Miedzynarodowy Memorial Ireny Warakomskiej - Open B"]
[Site "Suwalki"]
[Date "2017-08-11"]
[Round "1.32"]
[White "Kwasniewski, Pawel "]
[Black "Murawko, Katarzyna "]
[Result "0-1"]
[WhiteTitle ""]
[BlackTitle ""]
[WhiteElo "1702"]
[BlackElo "1967"]

1. d4 c5 2. d5 d6 3. Nc3 g6 4. e4 Bg7 5. Nf3 a6 6. a4 Nf6 7. Be2 O-O 8. O-O h6
9. Re1 Ne8 10. Bd3 e5 11. Nd2 b6 12. Nc4 Nd7 13. Ne3 Ndf6 14. h3 Rb8 15. Qe2 Nc7
16. b3 Nh5 17. Ng4 Nf4 18. Qf3 b5 19. axb5 axb5 20. Ra7 h5 21. Nh2 Nxd3 22. Qxd3
Ba6 23. Qg3 Rb6 24. b4 Qb8 25. bxc5 dxc5 26. Rxc7 Qxc7 27. Be3 Rbb8 28. Ra1 Bc8
29. Nf3 Bd7 30. Rd1 Qd6 31. Nh4 b4 32. Nb1 Rfe8 33. Nd2 Bb5 0-1

[Event "I Miedzynarodowy Memorial Ireny Warakomskiej - Open B"]
[Site "Suwalki"]
[Date "2017-08-11"]
[Round "1.33"]
[White "Pytel, Maciej"]
[Black "Kalejta, Arkadiusz "]
[Result "1-0"]
[WhiteTitle ""]
[BlackTitle ""]
[WhiteElo "1967"]
[BlackElo "1677"]

1. e4 e6 2. Nf3 d5 3. Nc3 Nf6 4. e5 Nfd7 5. d4 c5 6. dxc5 Nc6 7. Bf4 Bxc5 8. Bd3
f6 9. exf6 Nxf6 10. O-O O-O 11. Bg5 Qc7 12. Bh4 Ne5 13. Nxe5 Qxe5 14. Bg3 Qg5
15. Qc1 Qh5 16. Be2 Qg6 17. Qd1 Bd7 18. Kh1 Bc6 19. Bf3 Rad8 20. Qe2 Ne4 21. Rae1
Nxg3+ 22. fxg3 Rf6 23. Bh5 Rxf1+ 24. Rxf1 Qh6 25. Bf7+ Kh8 26. Rd1 Bd7 27. Bh5
Rf8 28. Bf3 Bd6 29. Kg1 Bc5+ 30. Kh1 Bd6 31. Qd2 Qg6 32. Ne2 Rc8 33. c3 Bc6 34.
Re1 Re8 35. c4 Qf6 36. b4 Be5 37. b5 Bd7 38. a4 Rc8 39. cxd5 Bc3 40. Nxc3 Rxc3
41. dxe6 Be8 42. h3 Rc7 43. Qd6 Re7 44. Kh2 h6 45. Bd5 Kh7 46. Bc4 Kh8 47. Rf1
1-0

[Event "I Miedzynarodowy Memorial Ireny Warakomskiej - Open B"]
[Site "Suwalki"]
[Date "2017-08-11"]
[Round "1.34"]
[White "Kukorowski, Jan"]
[Black "Golecki, Jan "]
[Result "1/2-1/2"]
[WhiteTitle ""]
[BlackTitle ""]
[WhiteElo "1670"]
[BlackElo "1957"]

1. e4 e5 2. Nf3 d5 3. exd5 e4 4. Qe2 Nf6 5. Nc3 Be7 6. Nxe4 O-O 7. Nxf6+ Bxf6 8.
d4 Re8 9. Be3 Qxd5 10. Qc4 Qd6 11. c3 Be6 12. Qa4 Nd7 13. Qc2 Nb6 14. Bd3 g6 15.
Nd2 Qc6 16. Be4 Bd5 17. Bxd5 Nxd5 18. O-O Nxe3 19. fxe3 Bg5 20. e4 Bxd2 21. Qxd2
Rxe4 22. Rae1 Rae8 23. Rxe4 Qxe4 24. Qf4 Qxf4 25. Rxf4 f5 26. Kf2 Kf7 27. g4 Kf6
28. gxf5 gxf5 29. a4 Kg5 30. Rf3 f4 31. b4 Kf5 32. a5 Ke4 33. Rh3 Re7 34. Rh5
c6 35. b5 cxb5 36. Rxb5 Rc7 37. Rb3 a6 38. Ra3 h5 39. Rb3 h4 40. h3 f3 41. d5
Kxd5 42. Kxf3 Rg7 43. Kf2 Kc4 44. Rb4+ Kxc3 45. Rxh4 Rg5 46. Rh7 Rb5 47. h4 Kb4
48. Rg7 Ka4 49. Rg4+ Kxa5 50. Rg5 b6 51. Ke3 Ka4 52. Rxb5 axb5 53. Kd2 Ka3 54.
Kc2 Ka2 55. Kc3 1/2-1/2

[Event "I Miedzynarodowy Memorial Ireny Warakomskiej - Open B"]
[Site "Suwalki"]
[Date "2017-08-11"]
[Round "1.35"]
[White "Belczewski, Jacek"]
[Black "Ziemski, Jaroslaw"]
[Result "1-0"]
[WhiteTitle ""]
[BlackTitle ""]
[WhiteElo "1949"]
[BlackElo "1668"]

1. c4 e5 2. Nc3 Nc6 3. g3 g6 4. Bg2 Nge7 5. Nf3 Bg7 6. O-O O-O 7. d3 d6 8. Rb1
f5 9. b4 e4 10. dxe4 Bxc3 11. b5 Ne5 12. Qb3 Nxf3+ 13. Bxf3 Bg7 14. c5+ Kh8 15.
cxd6 cxd6 16. Ba3 fxe4 17. Bxe4 Nf5 18. e3 Qf6 19. Rbd1 Qc3 20. Qxc3 Bxc3 21.
g4 Nxe3 22. fxe3 Bxg4 23. Rxf8+ Rxf8 24. Rc1 Be5 25. Bxb7 Rf5 26. Bc8 Rh5 27.
Bxg4 Rg5 28. Rc8+ Kg7 29. Rc7+ Kf6 30. Rxa7 Rxg4+ 31. Kf1 Rh4 32. b6 Rxh2 33.
Bb4 Kf5 34. Ra5 Ke4 35. Rxe5+ dxe5 36. b7 Kf3 37. Kg1 Rg2+ 38. Kh1 Kf2 39. b8=Q
Rg1+ 40. Kh2 Rg2+ 41. Kh3 Rg3+ 42. Kh4 Kg2 43. Qxe5 Rh3+ 44. Kg4 h5+ 45. Kg5 Rg3+
46. Qxg3+ Kxg3 47. e4 h4 48. e5 h3 49. e6 1-0

[Event "I Miedzynarodowy Memorial Ireny Warakomskiej - Open B"]
[Site "Suwalki"]
[Date "2017-08-11"]
[Round "1.36"]
[White "Matuszczyk, Mateusz"]
[Black "Szolc, Grzegorz"]
[Result "0-1"]
[WhiteTitle ""]
[BlackTitle ""]
[WhiteElo "1666"]
[BlackElo "1945"]

1. e4 g6 2. d4 Bg7 3. Nc3 c6 4. Bc4 d5 5. exd5 b5 6. Bb3 b4 7. Nce2 cxd5 8. Bd2
a5 9. a3 bxa3 10. Rxa3 Nc6 11. Ba4 Bd7 12. Nf3 e6 13. Qa1 Nge7 14. Bxc6 Nxc6 15.
b4 Bf8 16. c3 Rb8 17. b5 Rxb5 18. c4 Nb4 19. Qc3 Rb8 20. O-O Rc8 21. c5 Bb5 22.
Re1 Rb8 23. Ne5 Bg7 24. Bf4 O-O 25. Qd2 Ra8 26. Nc3 Be8 27. Ng4 Bd7 28. Rc1 Nc6
29. Nh6+ Kh8 30. Bd6 Qh4 31. Bxf8 Rxf8 32. Ne2 Bxh6 33. f4 Bg7 34. Rb1 Qf6 35.
Ra4 Rd8 36. Rb7 Be8 37. g4 h6 38. Rb3 Kg8 39. g5 hxg5 40. fxg5 Qf5 41. Kg2 Qe4+
42. Kf2 e5 43. Raa3 exd4 44. Ng3 Qe7 45. h4 Qxc5 46. h5 d3+ 47. Kf1 Qc2 48. Rxd3
Qxd2 49. Rxd2 Ne5 50. Rxa5 Nc4 51. Raxd5 Nxd2+ 0-1

[Event "I Miedzynarodowy Memorial Ireny Warakomskiej - Open B"]
[Site "Suwalki"]
[Date "2017-08-11"]
[Round "1.37"]
[White "Kaczmarska, Joanna "]
[Black "Tomicki, Marek "]
[Result "1-0"]
[WhiteTitle ""]
[BlackTitle ""]
[WhiteElo "1942"]
[BlackElo "1649"]

1. e4 c5 2. Nf3 d6 3. d4 cxd4 4. Nxd4 Nf6 5. Nc3 a6 6. a4 e6 7. g3 b6 8. Bg2 Bb7
9. O-O Be7 10. f4 Qc7 11. Qe2 Nbd7 12. Be3 O-O 13. Rad1 Rac8 14. Bf3 Nc5 15. Qg2
Rfd8 16. Nde2 d5 17. e5 Nfe4 18. Bd4 Bc6 19. b3 b5 20. axb5 axb5 21. g4 b4 22.
Na2 Rb8 23. f5 f6 24. exf6 Bxf6 25. Bxf6 gxf6 26. Nd4 e5 27. Bxe4 Nxe4 28. Ne6
Qa7+ 29. Kh1 d4 30. Rf3 Ng5 31. Nxg5 fxg5 32. Kg1 Qxa2 33. Qd2 h6 34. Rh3 Kg7
35. f6+ Kg6 36. Qd3+ e4 37. Rxh6+ Kxh6 38. Qh3+ Kg6 39. Qh5+ Kxf6 40. Rf1+ Ke6
41. Qg6+ 1-0

[Event "I Miedzynarodowy Memorial Ireny Warakomskiej - Open B"]
[Site "Suwalki"]
[Date "2017-08-11"]
[Round "1.38"]
[White "Wolagiewicz, Kinga "]
[Black "Kaczmarek, Arkadiusz "]
[Result "0-1"]
[WhiteTitle ""]
[BlackTitle ""]
[WhiteElo "1611"]
[BlackElo "1935"]

1. e4 d5 2. exd5 Nf6 3. d4 Nxd5 4. c4 Nb6 5. Nf3 g6 6. Be3 Bg7 7. Nc3 O-O 8. Be2
Nc6 9. O-O Bg4 10. b3 Bxf3 11. Bxf3 Nxd4 12. Bxb7 Rb8 13. Be4 c5 14. Qd2 f5 15.
Bd3 e5 16. Bg5 Qd7 17. Rad1 Kh8 18. Bh6 e4 19. Bb1 Rbe8 20. Be3 Qe6 21. Bxd4 cxd4
22. Nb5 Rd8 23. Nxa7 Nd7 24. Nb5 Ne5 25. Nc7 Qd6 26. Nd5 Ng4 27. g3 Ne5 28. Qb4
Nf3+ 29. Kg2 Qe5 30. a4 f4 31. a5 Qh5 32. Rh1 Ng5 33. Nxf4 Rxf4 34. gxf4 Qh3+
0-1

[Event "I Miedzynarodowy Memorial Ireny Warakomskiej - Open B"]
[Site "Suwalki"]
[Date "2017-08-11"]
[Round "1.39"]
[White "Czaplewska, Klara"]
[Black "Choinska, Debora "]
[Result "1/2-1/2"]
[WhiteTitle ""]
[BlackTitle ""]
[WhiteElo "1934"]
[BlackElo "1600"]

1. e4 d6 2. d4 Nf6 3. Nc3 Nbd7 4. Nf3 e5 5. Bc4 Be7 6. O-O O-O 7. Qe2 c6 8. a4
Qc7 9. Rd1 b6 10. Bg5 h6 11. Bh4 Re8 12. d5 Bb7 13. dxc6 Bxc6 14. Nb5 Bxb5 15.
Bxb5 Red8 16. c3 Nc5 17. Nd2 Ne6 18. Bg3 Qb7 19. Bc4 Nc5 20. f3 Nh5 21. Bd5 Nxg3
22. hxg3 Qd7 23. Bxa8 Rxa8 24. Nc4 Qe6 25. Rd5 Qg6 26. Rad1 Nb7 27. g4 h5 28.
gxh5 Qxh5 29. Qf2 Qh6 30. Qg3 g6 31. Qh3 Qxh3 32. gxh3 Rc8 33. Na3 a6 34. Kg2
Nc5 35. Nc4 Nxa4 36. Nxd6 Bxd6 37. Rxd6 Nxb2 38. Rd8+ Rxd8 39. Rxd8+ Kg7 40. Rd6
Na4 41. c4 a5 42. Rd5 Kf6 43. Rb5 Ke7 44. Rxe5+ Kd6 45. Rb5 Kc6 46. Kf2 Nc3 47.
Rb3 Na2 48. Ke3 Kc5 49. Rb5+ Kxc4 50. Rxb6 Nb4 51. Rb7 a4 52. Kd2 a3 53. Rxf7
a2 54. Ra7 Kb3 55. e5 Nc6 56. Rxa2 Kxa2 57. e6 Kb3 58. Kd3 Kb4 59. Ke4 Kc5 60.
f4 Kd6 61. f5 gxf5+ 62. Kxf5 Nd4+ 63. Kf6 Nxe6 64. h4 1/2-1/2

[Event "I Miedzynarodowy Memorial Ireny Warakomskiej - Open B"]
[Site "Suwalki"]
[Date "2017-08-11"]
[Round "1.40"]
[White "Huchwajda, Grzegorz"]
[Black "Amrogowicz, Dominika "]
[Result "0-1"]
[WhiteTitle ""]
[BlackTitle ""]
[WhiteElo "1566"]
[BlackElo "1926"]

1. e4 c5 2. d4 d6 3. dxc5 Nf6 4. Nc3 Qa5 5. Bd3 dxc5 6. Nf3 c4 7. Bxc4 Nxe4 8.
Bd2 Nxd2 9. Qxd2 Nc6 10. O-O e6 11. a3 Be7 12. b4 Qh5 13. b5 Ne5 14. Nxe5 Qxe5
15. Rfe1 Qc5 16. Bd3 O-O 17. Ne4 Qc7 18. Qe2 f5 19. Nd2 Bf6 20. Rab1 e5 21. f3
Kh8 22. Kh1 b6 23. g4 e4 24. fxe4 fxg4 25. Qg2 Be5 26. Rf1 Be6 27. Qe2 g3 28.
Nf3 Bh3 29. hxg3 Bxf1 30. Rxf1 Bxg3 31. e5 Rae8 32. Qe4 g6 33. e6 Rf4 34. Qe2
Rg4 35. c4 Qc5 36. Qb2+ Kg8 37. Qe2 Qh5+ 38. Kg1 Be1+ 0-1

[Event "I Miedzynarodowy Memorial Ireny Warakomskiej - Open B"]
[Site "Suwalki"]
[Date "2017-08-11"]
[Round "1.41"]
[White "Fronczak, Sebastian"]
[Black "Chin, Shun Yi"]
[Result "1-0"]
[WhiteTitle ""]
[BlackTitle ""]
[WhiteElo "1926"]
[BlackElo "1521"]

1. e4 e6 2. d4 d5 3. Nd2 c5 4. Ngf3 Nc6 5. c3 Nf6 6. e5 Nd7 7. Bd3 Be7 8. O-O O-O
9. Re1 Qb6 10. Nf1 f6 11. Ng3 fxe5 12. dxe5 Qc7 13. Qe2 b6 14. Nh5 Rf7 15. Bg5
Nf8 16. Qd2 Bd7 17. Bxe7 Rxe7 18. Ng5 Be8 19. Qe2 Bg6 20. f4 Bxd3 21. Qxd3 Ng6
22. Re3 d4 23. Rg3 dxc3 24. bxc3 Rd8 25. Qc2 Qd7 26. Nxh7 Kxh7 27. Qxg6+ Kh8 28.
Rh3 Kg8 29. Nf6+ Kf8 30. Rh8# 1-0